Triste fim de Policarpo Quaresma (Record no. 137755)

MARC details
000 -LÍDER
campo de controle de tamanho fixo 00477 a2200193 4500
001 - NÚMERO DE CONTROLE
campo de controle 137755
020 ## - ISBN - INTERNATIONAL STANDARD BOOK NUMBER
ISBN - International Standard Book Number 8575204122
040 ## - FONTE DA CATALOGAÇÃO
Instituição que transcreveu o registro Leonardo Da Vinci
041 ## - CÓDIGO DE IDIOMA
Código do idioma do texto/trilha sonora ou título diferente Português
082 ## - CDD - CLASSIFICAÇÃO DECIMAL DE DEWEY
Número de Classificação 869.93 B263t
Número do exemplar B263t
100 ## - ENTRADA PRINCIPAL--NOME PESSOAL
Nome pessoal BARRETO, Lima
245 ## - TÍTULO
Título Triste fim de Policarpo Quaresma
260 ## - PUBLICAÇÃO, DISTRIBUIÇÃO, ETC.
Nome do editor, distribuidor, etc. Ciranda Cultural
Data da publicação, distribuição, etc. [19--]
Local de publicação, distribuição, etc. [São Paulo]
300 ## - DESCRIÇÃO FÍSICA
Extensão 128
362 ## - DATAS DE PUBLICAÇÃO E/OU DESIGNAÇÃO SEQUENCIAL
Datas de publicação e/ou designação sequencial 19--0000
490 ## - TÍTULO DA SÉRIE
Título da série Clássicos da Literatura
697 ## - ENTRADA DE ASSUNTO LOCAL--ENTIDADE COLETIVA (RLIN)
Nome corporativo ou nome da jurisdição Literatura brasileira
942 ## - ELEMENTOS DE ENTRADA ADICIONADOS (KOHA)
Tipo de material Koha Livros
Holdings
Situação do descarte Situação das perdas Situação física Não pode ser emprestado Biblioteca de origem Biblioteca atual Data de aquisição Total de empréstimos Número de chamada completo Código de barras Data de último acesso Data do preço efetivo Tipo de material Koha
        Leonardo Da Vinci - Osasco Leonardo Da Vinci - Osasco 27/03/2024   869.93 B263t O015167 27/03/2024 27/03/2024 Livros